000 01483nam a2200241Ia 4500
003 Ost
005 20260507075655.0
008 260507s9999||||xx |||||||||||||| ||und||
040 _cfsecg
041 _aara
082 _a658.15
100 _aحنفي، عبد الغفار
_eمؤلف
245 0 _aتقييم الأداء المالي ودراسات الجدوى /
_c عبد الغفار حنفي
260 _aالاسكندرية:
_bالدار الجامعية,
_c2005
300 _a430 صفحة؛
_bإيضاحات ؛
_c24 سم
504 _aالمراجع ص.421
520 _aالتحليل المالي واتخاذ القرارات، التحليل المالي، التخطيط الرأسمالي والرقابة، سياسات توزيع الأرباح، الاستثمارات الرأسمالية، الانفاق الرأسمالي، أساليب تقييم الاقتراحات الاستثمارية في ظروف الثبات والتأكد، المفاضلة بين الاقتراحات الاستثمارية التي تأكد في الحساب، تكلفة الأموال واتخاذ قرارات الاستثمار، التمويل الداخلي والخارجي ومنهج قياس تكلفته، الاستثمارات الداخلية.
653 _aالاستثمارات- رؤوس الأموال
653 _aالتحليل المالي
653 _aالتخطيط المالي
653 _aالسياسة المالية
942 _cكتاب
999 _c45690
_d45690